| 000 | 00688 a2200193 4500 | ||
|---|---|---|---|
| 999 |
_c5545 _d5545 |
||
| 020 | _a047105464X | ||
| 050 | 0 | 0 | _aQA 300 BAR 1976 |
| 100 | 1 |
_aBartle, Robert Gardner, _d1927- _eauthor |
|
| 245 | 1 | 4 |
_aThe elements of real analysis / _cRobert G. Bartle. |
| 250 | _a2d ed. | ||
| 264 |
_aNew York : _bJohn Wiley & sons _c1976 |
||
| 300 |
_axv, 480 p. : _bill. ; |
||
| 500 | _aIncludes index. | ||
| 504 | _aBibliography: p. 456-457. | ||
| 650 | 0 | _aMathematical analysis. | |
| 856 | 4 | 2 |
_3Publisher description _uhttp://www.loc.gov/catdir/description/wiley032/75015979.html |
| 856 | 4 |
_3Table of Contents _uhttp://www.loc.gov/catdir/toc/onix02/75015979.html |
|
| 942 |
_2lcc _cBK _e2nd _h300 _iBAR _kQA |
||